Normal view
MARC view
- Bond, Michael
Entry Personal Name
001 - CONTROL NUMBER
- control field: 82250
003 - CONTROL NUMBER IDENTIFIER
- control field: NUST
005 - DATE AND TIME OF LATEST TRANSACTION
- control field: 20210907121949.0
008 - FIXED-LENGTH DATA ELEMENTS
- fixed length control field: 210907|| aca||aabn | a|a d
040 ## - CATALOGING SOURCE
- Original cataloging agency: NUST
- Transcribing agency: NUST
100 ## - HEADING--PERSONAL NAME
- Personal name: Bond, Michael
670 ## - SOURCE DATA FOUND
- Source citation: Work cat.: (NUST): Bond, Michael , Paddinton And The Marmalade Maze, 2019.
